|
|
|
|
| LEADER |
00000cam a2200000 a 4500 |
| 001 |
vtls001108620 |
| 003 |
SK-MaSNL |
| 005 |
20260301001425.0 |
| 008 |
250313s1980 xo a np 000 0 slo |
| 015 |
|
|
|a SNBA1980
|
| 035 |
|
|
|a SNK000051462
|
| 035 |
|
|
|a urn:nbn:sk:snk-amju0l
|
| 035 |
|
|
|a urn:nbn:sk:snk-am0083zq
|
| 035 |
|
|
|a E63125E6-38F1-43D0-BCA2-B46EB0390B81
|
| 040 |
|
|
|a SNK
|b slo
|c SNK
|e AACR2
|
| 041 |
0 |
|
|a slo
|
| 044 |
|
|
|a xo
|c SK
|
| 080 |
|
|
|a 338.46(075.8)
|2 1981
|
| 100 |
1 |
|
|a Boreková, Božena,
|d 1944-
|4 aut
|9 101303
|
| 245 |
1 |
0 |
|a Cvičenia z ekonomiky služieb
|c Božena Boreková, Mária Kmeťová
|
| 250 |
|
|
|a 1. vyd.
|
| 260 |
|
|
|a Bratislava
|b Príroda
|a S.l.
|b VŠP v Nitre [vyd.]
|c 1980
|
| 300 |
|
|
|a 111 s.
|b tab.
|c 29 cm
|
| 366 |
|
|
|e 500 výt.
|
| 490 |
1 |
|
|a Vysokoškolské učebné texty
|
| 504 |
|
|
|a Bibliogr.
|
| 650 |
0 |
7 |
|a ekonomika
|2 SNKPH
|9 789
|
| 655 |
|
7 |
|a praktické cvičenia
|2 SNKPH
|9 70517
|
| 655 |
|
7 |
|a učebnice vysokých škôl
|2 SNKPH
|9 70191
|
| 700 |
1 |
|
|a Kmeťová, Mária
|4 aut
|9 5696
|
| 830 |
|
0 |
|a Vysokoškolské učebné texty
|9 276539
|
| 852 |
|
|
|a Slovenská národná knižnica
|
| 958 |
|
|
|a OND
|
| 958 |
|
|
|a TL
|
| 999 |
|
|
|c 534876
|d 536806
|
| 952 |
|
|
|a SNK
|b SNK
|y PREZ
|7 0
|p 17A0987060
|o snkSB 29615
|i snkKSP 2471/80
|0 0
|1 0
|4 0
|d 2014-09-30
|f 1
|l 0
|r 2025-04-02 00:00:00
|w 2026-02-23
|
| 952 |
|
|
|a SNK
|b SNK
|y VYP
|7 0
|o snkSB 29615 D1
|i snkKSP 2472/80
|0 0
|1 0
|4 0
|d 2014-09-30
|l 0
|r 2026-02-23 12:22:04
|w 2026-02-23
|